01844nas a22002654i 4500952008700000999001700087001001000104003001000114005001700124008004100141022001400182040004100196041000800237100003700245245011700282300005100399520085600450650003101306653002001337653001601357653001301373653001001386773017401396942000801570 001040708HEMaFUSBCbFUSBCd2019-01-31l0r2019-01-31 00:00:00w2019-01-31yANA c64788d64788768714001CO-MdFUSB20190202100526.0190131s2017 ck ||||| |||| 00| 0 spa d a0120-6877 aCO-MdFUSBbspacCO-MdFUSBdCO-MdFUSB aspa aEspinosa Arce, Juan Pabloeautor14aUna teología de la paz como proyecto alternativo :bde vida personal y comunitariac/ Juan Pablo Espinosa Arce aNúmero 72 (2017), páginas 103-114c: 24 cm aEn Colombia, en las condiciones sociales actuales, en las cuales se reconoce un conflicto armado que ha impactado de múltiples formas a todos los actores sociales y políticos, se ha interiorizado una serie de expresiones que naturalizan la violencia y legitiman prácticas que agudizan la exclusión y la discriminación. Ante este panorama se hace la invitación a construir lenguajes de paz desde la novioloencia, con el pleno convencimiento de la posibilidad de reconstruir el tejido social, aportar a las relaciones los contextos y los sujetos para la reconfiguración de las palabras, la evidencia de su intencionalidad y la nominación de los hechos desde lugares de respeto y confianza construidos como sociedad, todo esto con el fin de apostar por un país donde medien renovadas relaciones y lenguajes en el marco del posconflicto  0aTeología práctica9180 aLenguaje de paz aNoviolencia aDiscurso aPoder0 064784977153aUniversidad de la SalleoR1672tRevista de la Universidad de la Sallew(CO-MdFUSB)768714001x0120-6877gNúmero 72 (2017), páginas 103-114qPágina 103 cANA